Vista normal
Vista MARC
Entrada Topical Term
Número de registros utilizados en: 2
001 - CONTROL NUMBER
- control field: 4569
003 - CONTROL NUMBER IDENTIFIER
- control field: OSt
005 - DATE AND TIME OF LATEST TRANSACTION
- control field: 20200520121532.0
008 - FIXED-LENGTH DATA ELEMENTS
- fixed length control field: 200520|| aca||aabn | a|a d
040 ## - CATALOGING SOURCE
- Original cataloging agency: OSt
- Transcribing agency: OSt
150 ## - HEADING--TOPICAL TERM
- Topical term or geographic name entry element: Historia económica
670 ## - SOURCE DATA FOUND
- Source citation: Work cat.: (OSt)5399: Ferguson, John M., autor 4568, Historia de la economía /, 1948